002330000a220007300045001000025000002450055000253000047000807730032001271 aPorras, Aristómeno10aAndrés Bello : Su amor a las sagradas escrituras aVol. 53, Núm 236 (1998), Páginas 21-220 tLa Biblia de las Américas